| 000 | 06055nam a22004217a 4500 | ||
|---|---|---|---|
| 003 | CHAP | ||
| 005 | 20250121123958.0 | ||
| 007 | ta | ||
| 008 | 230823s2023 mx ado|fom||| 001 0 spa d | ||
| 040 | _erda | ||
| 041 |
_aspa _beng |
||
| 100 | 1 |
_9187748 _aSan Agustín Alcívar, Hugo Enrique |
|
| 245 | 1 | 0 |
_aProceso de certificación kosher para Xochicualli productos naturales SAS de C.V. / _cHugo Enrique San Agustín Alcívar |
| 264 |
_aChapingo, México : _bEl autor, _c2023 |
||
| 300 |
_a1 recurso en línea (vii, 39 páginas) : _bilustraciones, tablas, gráficas, fotos |
||
| 336 |
_2rdacontent _atexto _btxt |
||
| 337 |
_2rdamedia _acomputadora _bc |
||
| 338 |
_2rdacarrier _arecurso en línea _bcr |
||
| 502 |
_aInforme de Estancia Preprofesional _bIA _cAgroindustrias _d2023 _gLIC |
||
| 504 | _aBibliografía: páginas 36-37 | ||
| 520 | 3 | _aEl proyecto está enfocado en apoyar a la empresa “Xochicualli Productos Naturales SAS de CV” en la obtención de la certificación Kosher y en su desarrollo como empresa procesadora de productos 100 % naturales y nutritivos, para ello se trabajó en una investigación que permitiera comprender la forma de llevar a cabo dicha certificación y su importancia. La certificación Kosher tiene relación con el cumplimiento de la ley dietética judía y actualmente se le conoce como sinónimo de limpieza, pureza y calidad; es decir, obtener la Certificación Kosher permite ampliar el mercado de consumidores, ser reconocido como producto saludable, dar posibilidad de entrar a tiendas exclusivas como son las tiendas kosher. Debido a que el proceso de certificación es más extenso que el periodo de la Estancia Preprofesional solo pudo trabajarse en un planteamiento general y posteriormente iniciar con los prerrequisitos. Como parte de mi trabajo en los prerrequisitos tuve participación en un proyecto llamado “Mejora continua” dirigido por la empresa consultora “Grupo CADIHSC”. Dicha empresa está dirigida por los mismos directivos de “Xochicualli Productos Naturales SAS de CV” pero está enfocada a dar capacitación y asesoría sobre ámbitos de producción, administración, etc. a otras empresas relacionadas con alimentos. La participación en el proyecto de mejora continua permitió adquirir experiencia en las diversas situaciones con las que uno se puede encontrar durante el manejo de alimentos y al momento de trabajar en equipo dentro de una empresa, también permitió ganar conocimiento de lo que es el programa “Moderniza”, de forma que dichos conocimientos se pusieran en práctica para la mejora de “Xochicualli Productos Naturales SAS de CV”. Por otra parte, se recomienda a la empresa seguir brindando capacitación al personal, continuar con la búsqueda de establecimientos como restaurantes, bares, etc., que sirvan como consumidores fijos de forma que se permita el incremento de la producción y con ello el crecimiento de la planta y, no descuidar la parte de ventas en línea que actualmente tiene gran demanda, para así poder hacer los gastos necesarios para cubrir la Certificación Kosher. | |
| 520 | 3 | _aThe project is focused on supporting the company "Xochicualli Productos Naturales SAS de CV" in obtaining Kosher certification and in its development as a company that processes 100% natural and nutritious products. way to carry out said certification and its importance. Kosher certification is related to compliance with Jewish dietary law and is currently known as synonymous with cleanliness, purity and quality. In other words, obtaining the certification will allow expanding the consumer market, being recognized as a healthy product, giving the possibility of entering exclusive stores such as kosher stores. Due to the fact that the certification process is longer than the period of the Pre-professional Stay, it was only possible to work on a general approach and then start with the prerequisites. As part of my work on the prerequisites, I participated in a project called "Continuous improvement" directed by the consulting company "Grupo CADIHSC". Said company is directed by the same directors of "Xochicualli Productos Naturales SAS de CV" but is focused on providing training and advice on the field of production, administration, etc. to other food-related companies. Participation in the continuous improvement project was able to gain experience of the various situations that one may encounter during food handling and when working as a team within a company, it also allowed gaining knowledge of what the “Moderniza” program is, so that Said knowledge was put into practice for the improvement of "Xochicualli Productos Naturales SAS de CV". On the other hand, it is recommended that the company continue providing training to the staff, continue with the search for establishments such as restaurants, bars, etc., that serve as fixed consumers in a way that allows the increase in production and with it the growth of the business, and not neglecting the part of online sales that is currently in great demand, in order to be able to make the necessary expenses to cover the Kosher Certification. | |
| 650 | 1 | 3 |
_9187929 _aComida Kosher _2atg |
| 650 | 1 | 3 |
_958836 _aInocuidad alimentaria _2atg |
| 650 | 1 | 3 |
_9148349 _aBuenas prácticas de fabricación _2atg |
| 650 | 1 | 3 |
_9142715 _aBuenas prácticas de higiene _2atg |
| 650 | 1 | 3 |
_9163072 _aPequeñas y medianas empresas _xCertificación _2atg |
| 650 | 1 | 3 |
_9187930 _aKosher foods _2atg |
| 650 | 1 | 3 |
_9148388 _aFood safety _2atg |
| 650 | 1 | 3 |
_9148471 _aGood manufacturing practices _2atg |
| 650 | 1 | 3 |
_9156610 _aGood hygiene practices _2atg |
| 650 | 1 | 3 |
_9163073 _aSmall and medium enterprises _xCertification _2atg |
| 700 | 1 |
_9151434 _aSzymanski Duque, Rosa Guadalupe _edirectora |
|
| 700 | 1 |
_aReyna Izaguirre, Diana América _easesora _9147338 |
|
| 700 | 1 |
_9113948 _aToriz Robles, Nancy _easesora |
|
| 856 | 4 | 0 |
_uhttp://10.13.5.2/tesis/tl/1412321-9_San_Agustin_Alcivar_Hugo_Enrique.pdf _yDESCARGAR PDF |
| 942 |
_2Clasificación Universidad Autónoma Chapingo _cTD |
||
| 999 |
_c219100 _d219100 |
||